[Event "Schachfestival 2014"]
[Site "Bad WÃ¶rishofen"]
[Date "2014.03.25"]
[Round "6.57"]
[White "Stiller, Patrick"]
[Black "Eschle, Hubert"]
[Result "1-0"]
[WhiteElo "2194"]
[BlackElo "1906"]
[Annotator "chessorg"]
[PlyCount "35"]
[EventDate "2014.??.??"]
[BlackTeam "SG Schramberg-Lauterbach"]

1. c4 Nf6 2. g3 g6 3. Bg2 Bg7 4. Nc3 O-O 5. e4 d6 6. Nge2 e5 7. d3 Nc6 8. O-O
Be6 9. Nd5 Ne8 10. Be3 f5 11. Qd2 Nd4 12. Nxd4 exd4 13. Bg5 Qd7 14. exf5 Bxf5
15. Ne7+ Kh8 16. Bxb7 Rb8 17. Bc6 Qe6 18. Rae1 1-0

[Event "Schachfestival 2014"]
[Site "Bad WÃ¶rishofen"]
[Date "2014.03.25"]
[Round "6.63"]
[White "Herrmann, Matthias"]
[Black "Goris, Ton"]
[Result "1/2-1/2"]
[WhiteElo "1873"]
[BlackElo "2006"]
[Annotator "chessorg"]
[PlyCount "51"]
[EventDate "2014.??.??"]
[WhiteTeam "SC Waldbronn"]

1. f4 e5 2. fxe5 d6 3. exd6 Bxd6 4. Nf3 g5 5. d4 g4 6. Ne5 Bxe5 7. dxe5 Qxd1+
8. Kxd1 Nc6 9. Nc3 Be6 10. Bf4 O-O-O+ 11. Kc1 Nge7 12. e3 a6 13. Bd3 Ng6 14.
Bxg6 hxg6 15. Bg5 Rd7 16. Bf4 Rh5 17. Ne4 Rd8 18. Ng3 Rhh8 19. Ne4 Bd5 20. Ng5
Be6 21. Nxe6 fxe6 22. Rd1 Rxd1+ 23. Kxd1 Rh5 24. Ke2 Nxe5 25. Bxe5 Rxe5 26. Kf2
1/2-1/2

[Event "Schachfestival 2014"]
[Site "Bad WÃ¶rishofen"]
[Date "2014.03.25"]
[Round "6.66"]
[White "Funke, Jörg-Dietmar"]
[Black "Van Eck, Ted"]
[Result "0-1"]
[WhiteElo "1856"]
[BlackElo "1992"]
[Annotator "chessorg"]
[PlyCount "55"]
[EventDate "2014.??.??"]
[WhiteTeam "Schachclub Naunhof"]
[BlackTeam "De Pion"]

1. e4 c6 2. d4 d5 3. Nc3 dxe4 4. Nxe4 Nf6 5. Nxf6+ exf6 6. Be3 Bd6 7. Nf3 O-O
8. Be2 Re8 9. O-O Nd7 10. Re1 Nf8 11. h3 Be6 12. c4 Ng6 13. Qc2 Qd7 14. Bf1 Nf4
15. Bxf4 Bxf4 16. Rad1 g6 17. Qc3 Kg7 18. b3 Bc7 19. Nd2 Qd8 20. Nf3 Rc8 21.
Nd2 Qd6 22. g3 Qa3 23. Qa1 Bf5 24. Rxe8 Rxe8 25. g4 Qd6 26. Nf3 Be4 27. Bg2
Bxf3 28. Bxf3 0-1

[Event "Schachfestival 2014"]
[Site "Bad WÃ¶rishofen"]
[Date "2014.03.25"]
[Round "6.69"]
[White "Spanton, Tim"]
[Black "Malchow, Uwe"]
[Result "1-0"]
[WhiteElo "1949"]
[BlackElo "1789"]
[Annotator "chessorg"]
[PlyCount "71"]
[EventDate "2014.??.??"]
[WhiteTeam "Hastings"]
[BlackTeam "SK Altrip"]

1. c4 c5 2. g3 g6 3. Bg2 Bg7 4. Nc3 Nc6 5. e3 d6 6. Nge2 Bd7 7. d4 cxd4 8. exd4
Qc8 9. O-O Nf6 10. b3 O-O 11. Bb2 Bg4 12. Qd2 Re8 13. d5 Ne5 14. f4 Qc5+ 15.
Kh1 Bxe2 16. Nxe2 Ned7 17. Bd4 Qc7 18. Rac1 Nc5 19. Qb2 Nd3 20. Qc3 Nxc1 21.
Rxc1 Nh5 22. b4 Bxd4 23. Nxd4 Rad8 24. Bh3 Nf6 25. g4 h5 26. g5 Ng4 27. Bxg4
hxg4 28. f5 e5 29. fxe6 fxe6 30. Nxe6 Rxe6 31. dxe6 Rf8 32. Qd3 Kh7 33. Rd1 Rf2
34. Qxd6 Qxc4 35. Qe7+ Kg8 36. Rd8+ 1-0

[Event "Schachfestival 2014"]
[Site "Bad WÃ¶rishofen"]
[Date "2014.03.25"]
[Round "6.85"]
[White "Gerhards, Walter"]
[Black "Pütz, Peter"]
[Result "1-0"]
[WhiteElo "1911"]
[BlackElo "1687"]
[Annotator "chessorg"]
[PlyCount "97"]
[EventDate "2014.??.??"]
[WhiteTeam "Ratinger Schachklub 1950"]
[BlackTeam "Schachverein Hennef 1927 e.V."]

1. e4 g6 2. d4 Bg7 3. Nc3 d6 4. Nf3 Nf6 5. Be2 O-O 6. O-O Nbd7 7. Bg5 h6 8. Be3
c5 9. h3 cxd4 10. Nxd4 Nc5 11. Bf3 Ncd7 12. Qd2 Kh7 13. Rad1 Ne5 14. Be2 a6 15.
f4 Nc6 16. Nxc6 bxc6 17. e5 Ne8 18. Ne4 d5 19. c4 e6 20. Bc5 Rg8 21. Qe3 Rb8
22. b3 Bf8 23. Bxf8 Rxf8 24. c5 Bd7 25. Nc3 Nc7 26. Qf2 Qe7 27. Na4 Rg8 28. Bd3
Be8 29. Kh2 Bd7 30. g4 Kg7 31. Rg1 Kh8 32. Rg2 Rg7 33. Rdg1 Rbg8 34. Bb1 Nb5
35. Nb6 Be8 36. a4 Nc3 37. Bc2 Ne4 38. Bxe4 dxe4 39. Qe3 f5 40. exf6 Qxf6 41.
Qxe4 Qc3 42. Qc4 Qf6 43. Re1 Re7 44. Nc8 Rf7 45. Rxe6 Qxf4+ 46. Qxf4 Rxf4 47.
Ne7 Bf7 48. Rxc6 Re4 49. Nxg8 1-0

[Event "Schachfestival 2014"]
[Site "Bad WÃ¶rishofen"]
[Date "2014.03.25"]
[Round "6.90"]
[White "Vaclahovsky, Gerhard"]
[Black "Specht, Helmut"]
[Result "0-1"]
[WhiteElo "1725"]
[BlackElo "2011"]
[Annotator "chessorg"]
[PlyCount "52"]
[EventDate "2014.??.??"]
[WhiteTeam "SK Keres-Augsburg 1980"]

1. e4 c6 2. d4 d5 3. exd5 cxd5 4. Nf3 Nf6 5. Be2 Nc6 6. c3 Bg4 7. Bf4 Bxf3 8.
Bxf3 e6 9. Nd2 Be7 10. O-O O-O 11. Re1 b5 12. Qb3 a6 13. Rac1 Rc8 14. a3 Bd6
15. Bxd6 Qxd6 16. Qc2 Nxd4 17. Qd3 Nc6 18. c4 Ne5 19. Qd4 Nxc4 20. Nxc4 Rxc4
21. Rxc4 bxc4 22. g4 Rb8 23. g5 Nd7 24. h4 Qb6 25. Qxb6 Rxb6 26. Bxd5 exd5 0-1

[Event "Schachfestival 2014"]
[Site "Bad WÃ¶rishofen"]
[Date "2014.03.26"]
[Round "7.1"]
[White "Yagupov, Igor"]
[Black "Kveinys, Aloyzas"]
[Result "0-1"]
[WhiteElo "2393"]
[BlackElo "2530"]
[Annotator "chessorg"]
[PlyCount "70"]
[EventDate "2014.??.??"]

1. e4 c5 2. Nf3 e6 3. d4 cxd4 4. Nxd4 a6 5. Nc3 Qc7 6. Bd3 Nf6 7. f4 d6 8. O-O
Nbd7 9. Kh1 Be7 10. Qe2 b5 11. Bd2 Bb7 12. b4 O-O 13. a4 bxa4 14. Rxa4 Rfc8 15.
Raa1 g6 16. Bxa6 Rxa6 17. Rxa6 e5 18. fxe5 dxe5 19. Nb3 Bxa6 20. Qxa6 Bxb4 21.
Rf3 Qc4 22. Qb7 Rc7 23. Qa8+ Kg7 24. Na5 Qc5 25. Nb3 Ra7 26. Qd8 Qc6 27. Nd5
Bxd2 28. Nxf6 Nxf6 29. Qxd2 Nxe4 30. Qc1 Ra2 31. c4 Nf2+ 32. Kg1 Nh3+ 33. Kh1
Nf4 34. Nd2 Qd7 35. Ne4 Qd4 0-1

[Event "Schachfestival 2014"]
[Site "Bad WÃ¶rishofen"]
[Date "2014.03.26"]
[Round "7.2"]
[White "Chatalbashev, Boris"]
[Black "Singer, Christoph"]
[Result "1-0"]
[WhiteElo "2521"]
[BlackElo "2344"]
[Annotator "chessorg"]
[PlyCount "69"]
[EventDate "2014.??.??"]
[BlackTeam "FC Bayern Muenchen e.V."]

1. c4 e5 2. g3 Nf6 3. Bg2 Nc6 4. Nc3 Bb4 5. e4 Bxc3 6. bxc3 d6 7. d3 O-O 8. Ne2
Be6 9. f4 Bg4 10. f5 Nd7 11. h3 Bxe2 12. Qxe2 a6 13. a4 Na5 14. Be3 c5 15. g4
Qh4+ 16. Bf2 Qe7 17. h4 Rfb8 18. Rb1 Nf8 19. g5 Qd7 20. h5 Qxa4 21. g6 Qd7 22.
Bh3 Qe7 23. Qg4 h6 24. f6 Qxf6 25. Bh4 Qf4 26. gxf7+ Qxf7 27. Rf1 Qc7 28. Rg1
b5 29. Bf6 Ra7 30. Rb2 Kh8 31. Rbg2 Rbb7 32. Qf5 Qb8 33. Rxg7 Rxg7 34. Bxg7+
Rxg7 35. Qf6 1-0

[Event "Schachfestival 2014"]
[Site "Bad WÃ¶rishofen"]
[Date "2014.03.26"]
[Round "7.3"]
[White "Teske, Henrik"]
[Black "Skembris, Spyridon"]
[Result "1/2-1/2"]
[WhiteElo "2519"]
[BlackElo "2449"]
[Annotator "chessorg"]
[PlyCount "35"]
[EventDate "2014.??.??"]
[WhiteTeam "SV Glueck auf Ruedersdorf e.V."]
[BlackTeam "SK Freiburg Zaehringen 1887 e.V."]

1. c4 e5 2. Nc3 Nf6 3. Nf3 Nc6 4. e3 Be7 5. d4 exd4 6. exd4 d5 7. Ne5 O-O 8.
Be2 dxc4 9. Nxc6 bxc6 10. Bxc4 Nd5 11. O-O Rb8 12. Re1 Be6 13. Ne4 Ne3 14. Bxe3
Bxc4 15. b3 Bd5 16. Nc3 Bb4 17. Rc1 Re8 18. Bd2 1/2-1/2

[Event "Schachfestival 2014"]
[Site "Bad WÃ¶rishofen"]
[Date "2014.03.26"]
[Round "7.4"]
[White "Pap, Misa"]
[Black "Pirrot, Dieter"]
[Result "1-0"]
[WhiteElo "2495"]
[BlackElo "2379"]
[Annotator "chessorg"]
[PlyCount "85"]
[EventDate "2014.??.??"]
[WhiteTeam "Sfr. Korbach"]
[BlackTeam "SV 1920 Hofheim"]

1. e4 Nf6 2. e5 Nd5 3. d4 d6 4. c4 Nb6 5. exd6 cxd6 6. d5 e6 7. Nc3 exd5 8.
cxd5 Be7 9. a4 O-O 10. Bd3 Na6 11. a5 Nd7 12. Nge2 Ndc5 13. Bb1 Bg4 14. O-O Qd7
15. Qc2 g6 16. Bh6 Rfc8 17. Nd4 Qd8 18. Qd2 Bd7 19. Nce2 Bf6 20. b4 Na4 21. Ba2
b5 22. Rab1 Bh8 23. Bg5 Bf6 24. Bh6 Qe8 25. Rfe1 Qe4 26. f3 Qe5 27. Bf4 Qe7 28.
Rbc1 Rxc1 29. Rxc1 Re8 30. Bb1 h5 31. h3 Be5 32. Bg5 Bf6 33. Bxf6 Qxf6 34. Bd3
Qh4 35. Nxb5 Qxb4 36. Qf4 Qxf4 37. Nxf4 N6c5 38. Nxd6 Nxd3 39. Nxd3 Re3 40. Nc5
Nxc5 41. Rxc5 Kf8 42. Rc7 Ke7 43. Nxf7 1-0

[Event "Schachfestival 2014"]
[Site "Bad WÃ¶rishofen"]
[Date "2014.03.26"]
[Round "7.6"]
[White "Nikolov, Momchil"]
[Black "Friedrich, Norbert"]
[Result "1-0"]
[WhiteElo "2515"]
[BlackElo "2316"]
[Annotator "chessorg"]
[PlyCount "71"]
[EventDate "2014.??.??"]
[BlackTeam "Waldshut-Tiengen"]

1. d4 d5 2. Nf3 Nf6 3. c4 c6 4. Nc3 e6 5. Bg5 h6 6. Bh4 Be7 7. e3 O-O 8. Qc2
Nbd7 9. cxd5 cxd5 10. Bd3 b6 11. O-O Bb7 12. Rac1 Rc8 13. Bg3 Nh5 14. Be5 Nhf6
15. Bf4 Ne4 16. Bxe4 dxe4 17. Nd2 Nf6 18. Be5 Ng4 19. Ndxe4 Nxe5 20. dxe5 Rc4
21. Rfd1 Qa8 22. Rd4 Rfc8 23. Rxc4 Rxc4 24. Qd3 Rc8 25. Rd1 Rd8 26. Nd6 b5 27.
a3 a5 28. f3 b4 29. Ncb5 bxa3 30. bxa3 Ba6 31. a4 Qb8 32. Kf2 Qb6 33. Qc4 Bxd6
34. exd6 Bxb5 35. Qc7 Rb8 36. axb5 1-0

[Event "Schachfestival 2014"]
[Site "Bad WÃ¶rishofen"]
[Date "2014.03.26"]
[Round "7.7"]
[White "Naumkin, Igor"]
[Black "Calzetta, Monica"]
[Result "1-0"]
[WhiteElo "2477"]
[BlackElo "2208"]
[Annotator "chessorg"]
[PlyCount "71"]
[EventDate "2014.??.??"]

1. d4 Nf6 2. Nf3 g6 3. c4 c5 4. d5 d6 5. Nc3 Bg7 6. e4 O-O 7. Be2 e6 8. O-O
exd5 9. cxd5 Re8 10. Nd2 Nbd7 11. a4 a6 12. f4 Rb8 13. Kh1 Qc7 14. Ra3 c4 15.
Bxc4 Nc5 16. e5 dxe5 17. fxe5 Qxe5 18. Nf3 Qd6 19. Ng5 Bg4 20. Qd4 Rbc8 21.
Nxf7 Kxf7 22. Qxg4 Kg8 23. Qf3 Ncd7 24. Ba2 Ne5 25. Qd1 Kh8 26. Bf4 Qd7 27. h3
Nh5 28. Bh2 Nc4 29. Bxc4 Rxc4 30. d6 Rd4 31. Qc2 Be5 32. Rf8+ Kg7 33. Rxe8 Qxe8
34. Qe2 Nf4 35. Bxf4 Rxf4 36. d7 1-0

[Event "Schachfestival 2014"]
[Site "Bad WÃ¶rishofen"]
[Date "2014.03.26"]
[Round "7.8"]
[White "Rahls, Peter"]
[Black "Karpatchev, Alexandr"]
[Result "0-1"]
[WhiteElo "2238"]
[BlackElo "2464"]
[Annotator "chessorg"]
[PlyCount "72"]
[EventDate "2014.??.??"]
[WhiteTeam "SK Zehlendorf e.V."]

1. e4 e5 2. Nf3 Nc6 3. Bc4 Bc5 4. O-O Nf6 5. c3 d6 6. d3 Bb6 7. h3 Ne7 8. a4 c6
9. Re1 Ng6 10. Be3 O-O 11. Nbd2 Bxe3 12. fxe3 d5 13. exd5 Nxd5 14. Bxd5 Qxd5
15. Qc2 Be6 16. Ne4 Rad8 17. Nf2 f5 18. Ng5 h6 19. Nxe6 Qxe6 20. b4 Kh8 21.
Rad1 Qf6 22. d4 Qg5 23. Nd3 e4 24. Nc5 Qe7 25. Qa2 Rf6 26. d5 b6 27. Ne6 Rxd5
28. Rxd5 cxd5 29. Nd4 Qe5 30. Rf1 f4 31. exf4 Nxf4 32. Kh1 e3 33. Re1 Nd3 34.
Rb1 Rf2 35. Qb3 e2 36. Nxe2 Rxe2 0-1

[Event "Schachfestival 2014"]
[Site "Bad WÃ¶rishofen"]
[Date "2014.03.26"]
[Round "7.9"]
[White "Raghavi, N."]
[Black "Mainka, Romuald"]
[Result "0-1"]
[WhiteElo "2213"]
[BlackElo "2416"]
[Annotator "chessorg"]
[PlyCount "63"]
[EventDate "2014.??.??"]
[BlackTeam "Schachclub Hansa Dortmund e.V."]

1. e4 c5 2. Nf3 e6 3. g3 Nc6 4. Bg2 Nf6 5. Qe2 d5 6. d3 Be7 7. O-O O-O 8. e5
Ne8 9. c4 Nc7 10. Nc3 b6 11. b3 Ba6 12. a4 Bb7 13. h4 a6 14. h5 Qd7 15. Rd1
Rad8 16. Bf4 Qc8 17. Nh2 Nd4 18. Qg4 f5 19. exf6 Bxf6 20. Bg5 Nf5 21. Rac1 Kh8
22. Nf3 Qa8 23. Bf4 Ne8 24. Ng5 Bxg5 25. Qxg5 Nf6 26. Re1 h6 27. Qg6 Ne7 28.
Bc7 Nxg6 29. Bxd8 Rxd8 30. hxg6 dxc4 31. Bxb7 Qxb7 32. dxc4 0-1

[Event "Schachfestival 2014"]
[Site "Bad WÃ¶rishofen"]
[Date "2014.03.26"]
[Round "7.11"]
[White "Seidler, Lukas"]
[Black "Fernandez, Daniel Howard"]
[Result "0-1"]
[WhiteElo "2177"]
[BlackElo "2373"]
[Annotator "chessorg"]
[PlyCount "84"]
[EventDate "2014.??.??"]
[WhiteTeam "TSV Schott Mainz"]
[BlackTeam "Marple (England)"]

1. e4 c5 2. Nf3 e6 3. d4 cxd4 4. Nxd4 a6 5. Nc3 b5 6. Bd3 Bb7 7. O-O d6 8. a4
b4 9. Na2 Nf6 10. Re1 a5 11. c3 bxc3 12. Nxc3 Nbd7 13. Bf1 Be7 14. g3 O-O 15.
Ndb5 Qb8 16. Bf4 e5 17. Bg5 h6 18. Bc1 Nc5 19. Bg2 Rd8 20. b3 Bc8 21. Ra2 Bg4
22. f3 Be6 23. Nd5 Nxd5 24. exd5 Bd7 25. Bf1 Bg5 26. Bb2 Qb6 27. Kh1 Na6 28. h4
Nb4 29. hxg5 Nxa2 30. gxh6 Qf2 31. Re2 Qxf3+ 32. Bg2 Qh5+ 33. Kg1 Bg4 34. h7+
Qxh7 35. Qd2 Bxe2 36. Qxe2 Qb1+ 37. Kh2 Nc1 38. Qd2 Nxb3 39. Qc3 Rac8 40. Qxb3
Rc2 41. Nxd6 Rxb2 42. Qa3 Qc2 0-1

[Event "Schachfestival 2014"]
[Site "Bad WÃ¶rishofen"]
[Date "2014.03.26"]
[Round "7.13"]
[White "Estremera, Sergio"]
[Black "Kannenberg, Karl-Heinz"]
[Result "1-0"]
[WhiteElo "2353"]
[BlackElo "2205"]
[Annotator "chessorg"]
[PlyCount "31"]
[EventDate "2014.??.??"]
[BlackTeam "SC Kitzingen von 1905"]

1. d4 d5 2. c4 c6 3. Nf3 Nf6 4. Qc2 g6 5. Bf4 Bg7 6. e3 Bf5 7. Qb3 Bxb1 8. Qxb7
O-O 9. Rxb1 Qa5+ 10. b4 Qxa2 11. Bd3 Nbd7 12. c5 Qa3 13. Qa6 Qc3+ 14. Ke2 Ne4
15. Rhc1 e5 16. Bxe4 1-0

[Event "Schachfestival 2014"]
[Site "Bad WÃ¶rishofen"]
[Date "2014.03.26"]
[Round "7.14"]
[White "Cocchi, Andrea"]
[Black "Schäfer, Michael"]
[Result "1/2-1/2"]
[WhiteElo "2321"]
[BlackElo "2195"]
[Annotator "chessorg"]
[PlyCount "48"]
[EventDate "2014.??.??"]
[WhiteTeam "CSB"]
[BlackTeam "FB80 MÃ¶rlenbach-Birkenau"]

1. Nf3 g6 2. c4 Bg7 3. Nc3 Nf6 4. e4 d6 5. Be2 O-O 6. d4 c5 7. O-O cxd4 8. Nxd4
Nc6 9. Be3 Bd7 10. Qd2 Nxd4 11. Bxd4 Bc6 12. f3 Nd7 13. Be3 a5 14. Rab1 Nc5 15.
b3 Qb6 16. Qc2 Rfc8 17. Rfd1 Qb4 18. Nd5 Bxd5 19. Rxd5 a4 20. Bd2 Qb6 21. Be3
axb3 22. axb3 Qb4 23. Bd2 Qb6 24. Be3 Qb4 1/2-1/2

[Event "Schachfestival 2014"]
[Site "Bad WÃ¶rishofen"]
[Date "2014.03.26"]
[Round "7.17"]
[White "Cherednichenko, Elena"]
[Black "Lupor, André"]
[Result "1/2-1/2"]
[WhiteElo "2174"]
[BlackElo "2297"]
[Annotator "chessorg"]
[PlyCount "38"]
[EventDate "2014.??.??"]
[WhiteTeam "Sport Klub ISD Donetsk"]
[BlackTeam "Schachgemeinschaft Ennepe-Ruhr-S"]

1. d4 Nf6 2. Nf3 g6 3. Nc3 d5 4. Bf4 Bg7 5. e3 O-O 6. Be2 c5 7. Ne5 cxd4 8.
exd4 Nc6 9. Nxc6 bxc6 10. Be5 Ne4 11. Nxe4 Bxe5 12. dxe5 dxe4 13. Qxd8 Rxd8 14.
Bc4 Rd4 15. b3 c5 16. c3 Rd8 17. Ke2 Kg7 18. Ke3 Bb7 19. Rhd1 f6 1/2-1/2

[Event "Schachfestival 2014"]
[Site "Bad WÃ¶rishofen"]
[Date "2014.03.26"]
[Round "7.20"]
[White "Kummerow, Heiko"]
[Black "Krauss, Josef"]
[Result "1/2-1/2"]
[WhiteElo "2263"]
[BlackElo "2188"]
[Annotator "chessorg"]
[PlyCount "84"]
[EventDate "2014.??.??"]
[WhiteTeam "Recklinghaeuser Schachgemeinschaf"]
[BlackTeam "Schachklub Schweinfurt 2000 e.V."]

1. e4 d6 2. d4 Nf6 3. Nc3 g6 4. f4 Bg7 5. Nf3 O-O 6. Bd3 Na6 7. O-O c5 8. d5
Bg4 9. Bc4 Nc7 10. h3 Bxf3 11. Qxf3 a6 12. a4 b6 13. Qd3 e6 14. dxe6 fxe6 15.
Rd1 d5 16. exd5 exd5 17. Nxd5 Nfxd5 18. Bxd5+ Qxd5 19. Qxd5+ Nxd5 20. Rxd5 Rad8
21. Rxd8 Rxd8 22. Be3 Bxb2 23. Rb1 Bd4 24. Kf2 Rd6 25. Kf3 Bxe3 26. Kxe3 Kf7
27. c4 a5 28. Rb3 Rd4 29. Rxb6 Rxc4 30. Rb5 Rxa4 31. Rxc5 Ra3+ 32. Ke4 Rg3 33.
Rxa5 Rxg2 34. Ra7+ Kf6 35. Rxh7 g5 36. fxg5+ Rxg5 37. Rh6+ Kg7 38. Rh4 Ra5 39.
Rg4+ Kh8 40. Rh4+ Kg8 41. Rg4+ Kh8 42. Rh4+ Kg8 1/2-1/2

[Event "Schachfestival 2014"]
[Site "Bad WÃ¶rishofen"]
[Date "2014.03.26"]
[Round "7.32"]
[White "Dewenter, Ulf"]
[Black "Wörl, Richard"]
[Result "0-1"]
[WhiteElo "2178"]
[BlackElo "2047"]
[Annotator "chessorg"]
[PlyCount "54"]
[EventDate "2014.??.??"]
[WhiteTeam "Schachclub Weisse Dame Borbeck 25"]
[BlackTeam "SW Nuernberg Sued e.V."]

1. f4 d5 2. Nf3 c5 3. g3 Nc6 4. Bg2 Bg4 5. c3 Nf6 6. O-O Bxf3 7. Bxf3 e6 8. d3
Be7 9. Bg2 h5 10. Nd2 h4 11. e3 hxg3 12. hxg3 Nh5 13. Qf3 Qd7 14. d4 f5 15. g4
fxg4 16. Qxg4 O-O-O 17. dxc5 g5 18. Nf3 gxf4 19. Nd4 Nxd4 20. cxd4 Rdg8 21. Qd1
Ng3 22. Rxf4 Qb5 23. Rf2 Ne4 24. Rc2 Bh4 25. a4 Qe8 26. c6 Bf2+ 27. Rxf2 Rh1+
0-1

[Event "Schachfestival 2014"]
[Site "Bad WÃ¶rishofen"]
[Date "2014.03.26"]
[Round "7.35"]
[White "Partenheimer, Axel"]
[Black "Kümpers, Ulrich"]
[Result "1/2-1/2"]
[WhiteElo "2126"]
[BlackElo "2026"]
[Annotator "chessorg"]
[PlyCount "44"]
[EventDate "2014.??.??"]
[WhiteTeam "Duesseldorfer Schachklub 14/25 e."]
[BlackTeam "SC Tarrasch 45 Muenchen"]

1. Nf3 Nf6 2. c4 g6 3. g3 Bg7 4. Bg2 O-O 5. d4 d6 6. Nc3 Nbd7 7. O-O e5 8. e4
exd4 9. Nxd4 Re8 10. h3 a6 11. Be3 Rb8 12. b3 c5 13. Nde2 b5 14. Qxd6 b4 15.
Na4 Nxe4 16. Bxe4 Bxa1 17. Rxa1 Rxe4 18. Nxc5 Rb6 19. Qd3 Qf6 20. Rd1 Nxc5 21.
Qd8+ Kg7 22. Bxc5 Qxd8 1/2-1/2

[Event "Schachfestival 2014"]
[Site "Bad WÃ¶rishofen"]
[Date "2014.03.26"]
[Round "7.37"]
[White "Lotz, Ralf"]
[Black "Lochte, Thomas"]
[Result "0-1"]
[WhiteElo "1901"]
[BlackElo "2106"]
[Annotator "chessorg"]
[PlyCount "104"]
[EventDate "2014.??.??"]
[WhiteTeam "SC 1952 Obertshausen"]

1. d4 Nf6 2. c4 e5 3. dxe5 Ng4 4. Nf3 Bc5 5. e3 Nc6 6. a3 a5 7. Be2 O-O 8. O-O
Re8 9. Nc3 Ngxe5 10. b3 Nxf3+ 11. Bxf3 Ne5 12. Be2 Ra6 13. Na4 Ba7 14. Bb2 Rh6
15. g3 d6 16. Bd4 Qd7 17. f4 Qh3 18. Rf2 Bxd4 19. Bf1 Qg4 20. exd4 Qxd1 21.
Rxd1 Bg4 22. Rc1 Nf3+ 23. Kh1 Nxd4 24. b4 Re3 25. Rc3 Re1 26. h4 Bh3 27. Kg1
Bxf1 28. Rxf1 Ne2+ 29. Kf2 Rxf1+ 30. Kxe2 Ra1 31. bxa5 Re6+ 32. Kf3 Ree1 33. c5
Rec1 34. Rb3 f5 35. cxd6 cxd6 36. Nb6 Rc5 37. Ke3 Rxa5 38. Nc4 Ra4 39. Kd4 Rd1+
40. Rd3 Rxd3+ 41. Kxd3 d5 42. Nd6 Rxa3+ 43. Kd4 g6 44. Nxb7 Rxg3 45. Kxd5 Rb3
46. Nd6 Rd3+ 47. Ke5 Rxd6 48. Kxd6 Kg7 49. Ke5 Kh6 50. Kf6 Kh5 51. Kg7 Kxh4 52.
Kxh7 Kg4 0-1

[Event "Schachfestival 2014"]
[Site "Bad WÃ¶rishofen"]
[Date "2014.03.26"]
[Round "7.40"]
[White "Kozlov, Alexander"]
[Black "Schiegg, Peter"]
[Result "1/2-1/2"]
[WhiteElo "2166"]
[BlackElo "2019"]
[Annotator "chessorg"]
[PlyCount "71"]
[EventDate "2014.??.??"]
[WhiteTeam "-"]

1. d4 Nf6 2. c4 d6 3. Nf3 g6 4. g3 Bg7 5. Bg2 Nbd7 6. Nc3 c5 7. d5 O-O 8. O-O
Nb6 9. Qd3 Bd7 10. h3 Rb8 11. a4 Na8 12. e4 Nc7 13. Bd2 a5 14. Nb5 Nfe8 15.
Bxa5 Bxb2 16. Ra2 Bg7 17. Nxc7 Nxc7 18. Rb1 Qc8 19. Kh2 Ra8 20. Qd2 Ra6 21. Rb6
Na8 22. Rxa6 bxa6 23. Bc3 Qc7 24. Bxg7 Kxg7 25. a5 Rb8 26. Qc3+ f6 27. Nd2 Rb4
28. Qc2 Qb8 29. h4 Nc7 30. Bh3 Bxh3 31. Kxh3 Ne8 32. Kg2 Kf7 33. Qc3 Ng7 34.
Ra3 Qc7 35. Qc2 Qd7 36. Ra2 1/2-1/2

[Event "Schachfestival 2014"]
[Site "Bad WÃ¶rishofen"]
[Date "2014.03.26"]
[Round "7.42"]
[White "Voss, Gunther"]
[Black "Diotallevi, Maurizio"]
[Result "1-0"]
[WhiteElo "2160"]
[BlackElo "2013"]
[Annotator "chessorg"]
[PlyCount "71"]
[EventDate "2014.??.??"]
[WhiteTeam "SV MÃ¼lheim Nord 1931 e.V."]
[BlackTeam "Castelfidardo"]

1. e4 e6 2. d4 d5 3. Nc3 dxe4 4. Nxe4 Nd7 5. Nf3 Ngf6 6. Bd3 Nxe4 7. Bxe4 Nf6
8. Bg5 c5 9. O-O Be7 10. Bxf6 gxf6 11. c4 cxd4 12. Nxd4 f5 13. Bf3 Bf6 14. Nb5
Qxd1 15. Raxd1 Ke7 16. Rfe1 Bxb2 17. Rb1 Bg7 18. Nc7 Rb8 19. Na6 Ra8 20. Bxb7
Bxb7 21. Rxb7+ Kf6 22. c5 Rhc8 23. Nc7 Rab8 24. c6 Bf8 25. Na6 Ra8 26. c7 Bd6
27. Reb1 Ke7 28. Rb8 Raxb8 29. cxb8=Q Bxb8 30. Nxb8 Rc2 31. a4 a5 32. g3 Rc4
33. Rb5 Rxa4 34. Rxa5 Rc4 35. Ra7+ Kf6 36. Nd7+ 1-0

[Event "Schachfestival 2014"]
[Site "Bad WÃ¶rishofen"]
[Date "2014.03.26"]
[Round "7.44"]
[White "Ballon, Günther"]
[Black "Ramin, Michael"]
[Result "1/2-1/2"]
[WhiteElo "2116"]
[BlackElo "2004"]
[Annotator "chessorg"]
[PlyCount "34"]
[EventDate "2014.??.??"]

1. d4 Nf6 2. c4 e6 3. Nc3 b6 4. a3 Bb7 5. e3 Be7 6. Nf3 O-O 7. Be2 d5 8. O-O
Nbd7 9. b4 a5 10. b5 c5 11. bxc6 Bxc6 12. Bb2 Rb8 13. Ne5 Bb7 14. cxd5 Nxe5 15.
dxe5 Nxd5 16. Nxd5 Qxd5 17. Qxd5 Bxd5 1/2-1/2

[Event "Schachfestival 2014"]
[Site "Bad WÃ¶rishofen"]
[Date "2014.03.26"]
[Round "7.47"]
[White "Ries, Berthold"]
[Black "Valet, Richard"]
[Result "0-1"]
[WhiteElo "1914"]
[BlackElo "2062"]
[Annotator "chessorg"]
[PlyCount "62"]
[EventDate "2014.??.??"]
[WhiteTeam "SU Ebersberg-Grafing"]
[BlackTeam "Greifswalder SV"]

1. e4 c5 2. Nf3 Nc6 3. d4 cxd4 4. Nxd4 Nf6 5. Nc3 e5 6. Ndb5 d6 7. Bg5 a6 8.
Na3 b5 9. Nd5 Be7 10. Bxf6 Bxf6 11. c4 b4 12. Nc2 Rb8 13. b3 Bg5 14. g3 O-O 15.
h4 Bh6 16. g4 g6 17. Bd3 Be6 18. h5 Bg5 19. Qf3 a5 20. Qh3 h6 21. Ke2 Kg7 22.
Rag1 a4 23. f3 Ra8 24. Ra1 Qa5 25. Rhb1 Qc5 26. Qh2 axb3 27. axb3 Rxa1 28. Rxa1
Bxd5 29. exd5 Nd4+ 30. Nxd4 Qxd4 31. Ra2 Qe3+ 0-1

[Event "Schachfestival 2014"]
[Site "Bad WÃ¶rishofen"]
[Date "2014.03.26"]
[Round "7.49"]
[White "Stümer, Paul"]
[Black "Spanton, Tim"]
[Result "0-1"]
[WhiteElo "2091"]
[BlackElo "1949"]
[Annotator "chessorg"]
[PlyCount "46"]
[EventDate "2014.??.??"]
[WhiteTeam "Schachverein Bergneustadt/Dersch"]
[BlackTeam "Hastings"]

1. Nf3 Nc6 2. c4 e5 3. Nc3 g6 4. g3 Bg7 5. Bg2 d6 6. d3 f5 7. Bd2 Nf6 8. Rb1 a5
9. a3 O-O 10. b4 axb4 11. axb4 e4 12. dxe4 fxe4 13. Ng5 e3 14. fxe3 h6 15. Nf3
Bf5 16. e4 Nxe4 17. Nxe4 Bxe4 18. Rc1 Kh8 19. O-O Qe7 20. b5 Nd4 21. Bc3 Bxf3
22. Bxd4 Bxg2 23. Rxf8+ Rxf8 0-1

[Event "Schachfestival 2014"]
[Site "Bad WÃ¶rishofen"]
[Date "2014.03.26"]
[Round "7.51"]
[White "Wied, Christian"]
[Black "Römhild, Marcus"]
[Result "1/2-1/2"]
[WhiteElo "1938"]
[BlackElo "2084"]
[Annotator "chessorg"]
[PlyCount "55"]
[EventDate "2014.??.??"]
[WhiteTeam "FC Fasanerie-Nord e.V."]
[BlackTeam "LSV Turm Lippstadt"]

1. e4 c5 2. Nf3 g6 3. d4 cxd4 4. Nxd4 Nc6 5. Be3 Nf6 6. Nc3 Bg7 7. Be2 O-O 8.
O-O d5 9. exd5 Nxd5 10. Nxd5 Qxd5 11. Nxc6 Qxc6 12. c3 Be6 13. Bf3 Qb5 14. Qc2
Rfd8 15. Be2 Qc6 16. Bf3 Qc7 17. Rfd1 Bd7 18. Qb3 Bc6 19. Bxc6 bxc6 20. Rxd8+
Rxd8 21. Rd1 Rxd1+ 22. Qxd1 a6 23. g3 h5 24. h4 Qc8 25. Qd3 Be5 26. Bc5 Bf6 27.
Bd4 Bxd4 28. Qxd4 1/2-1/2

[Event "Schachfestival 2014"]
[Site "Bad WÃ¶rishofen"]
[Date "2014.03.26"]
[Round "7.56"]
[White "Mack, Thomas"]
[Black "Koch, Till"]
[Result "1/2-1/2"]
[WhiteElo "2042"]
[BlackElo "1872"]
[Annotator "chessorg"]
[PlyCount "25"]
[EventDate "2014.??.??"]
[WhiteTeam "Tarrasch-MÃ¼nchen"]
[BlackTeam "SV Unser Fritz Wanne-Eickel"]

1. e4 e6 2. d4 d5 3. Nc3 Nf6 4. Bg5 Bb4 5. exd5 exd5 6. Qf3 O-O 7. O-O-O Bg4 8.
Bxf6 Bxf3 9. Bxd8 Bxd1 10. Nxd5 Rxd8 11. Nxc7 Nc6 12. Nxa8 Bxc2 13. Kxc2
1/2-1/2